000
00327nam a22001097a 4500
082
_a
891.432/PRA
100
_a
प्रसाद, ज्ञानेंद्र किशोर
_9
83815
245
_a
लाल कनेर
260
_a
भोपाल
_b
आईसेक्ट
_c
2021
650
_a
नाटक
942
_c
HIN
999
_c
68803
_d
68803